Music Quiz

Random Music or Decade Quiz
Score 0/100 Timer 15:00
2 Plays Today
# Artist % Correct
49Lady Gaga
98.1%
3Lady Gaga
98.1%
1Beyoncé (Feat. Jay-Z)
98.1%
16Beyoncé
97.2%
11Rihanna (Feat. Jay-Z)
96.4%
37Britney Spears
95.7%
20Britney Spears
95.7%
7Justin Timberlake (Feat. Timbaland)
94.4%
59Justin Timberlake
94.3%
8Jay-Z (Feat. Alicia Keys)
93.9%
43Katy Perry
92.4%
13Green Day
91.1%
4Eminem
90.7%
21Jay-Z
88.8%
12Black Eyed Peas
88.3%
5Kelly Clarkson
88.1%
47Christina Aguilera, Lil' Kim, Mya, P!nk
87.3%
52Shakira (Feat. Wyclef)
86.6%
6Kanye West (Feat. Jamie Foxx)
86.2%
2OutKast
86.1%
76T.I. (Feat. Rihanna)
85.6%
45Eve (Feat. Gwen Stefani)
85.4%
30Gwen Stefani
84.1%
38Miley Cyrus
83%
36*NSYNC
80.4%
60Ke$ha
80.4%
25Nelly
80.2%
1050 Cent
79.6%
44Red Hot Chili Peppers
79.4%
17Coldplay
78.8%
27Usher (Feat. Lil Jon and Ludacris)
78.5%
31Amy Winehouse
78.4%
15U2
74.9%
55The Killers
74.3%
# Artist % Correct
23P!nk
74.1%
53Blink-182
72%
41R. Kelly
68.8%
96Pussycat Dolls (Feat. Busta Rhymes)
68.8%
42Train
68.7%
62Avril Lavigne
68.5%
26The White Stripes
68.3%
18Christina Aguilera
68.3%
22Alicia Keys
67.5%
32Maroon 5
66.8%
78Plain White T's
66.7%
66Snoop Dogg (Feat. Pharrell)
65.7%
19Destiny's Child
65.4%
48Kings of Leon
64.4%
73Nelly Furtado (Feat. Timbaland)
64.4%
77Nickelback
63.6%
67Leona Lewis
62.5%
50Taylor Swift
60.8%
58Jason Mraz
60.8%
95James Blunt
60.4%
39Adele
59.8%
9Mariah Carey
59.8%
40Fall Out Boy
59.7%
97Shaggy
59.4%
89M.I.A.
58.3%
99Carrie Underwood
56.5%
69Evanescence
55.8%
84Linkin Park
55.8%
72Jet
53.5%
92Flo Rida (Feat. T-Pain)
52.6%
14Gnarls Barkley
52.5%
28Madonna
52%
983 Doors Down
52%
61Kelis
51.5%
# Artist % Correct
91Creed
49.7%
24Missy Elliott
49.5%
35John Mayer
47.3%
88Fountains of Wayne
47.2%
29Foo Fighters
46.3%
70Chris Brown (Feat. Juelz Santana)
45.7%
100Sisqo
45.6%
51Natasha Bedingfield
43.4%
79Enrique Iglesias
42.3%
80Lil Jon & the East Side Boyz (Feat. Ying Yang Twins)
41.4%
87The Darkness
40.3%
33Johnny Cash
39.3%
64Jennifer Lopez (Feat. Ja Rule)
37.8%
82Matchbox Twenty
34.1%
86Aerosmith
33.9%
74Chamillionaire (Feat. Krayzie Bone)
33.2%
68Ludacris (Feat. Shawnna)
32.5%
71Colbie Caillat
31.1%
57Mary J. Blige
30.1%
54Norah Jones
29.3%
34Janet Jackson
28.5%
75Gavin DeGraw
28.5%
85Macy Gray
28.2%
56DMX
27%
46Kid Rock & Sheryl Crow
27%
93OK Go
26.4%
94Daughtry
25.6%
65Aaliyah
20.1%
63Andrew W.K.
19%
90Mystikal
17.6%
81Bruce Springsteen
17.2%
83D'Angelo
9.6%
Remove Ads.
Support Sporcle.
Get the best of Sporcle when you Go Orange. This ad-free experience offers more features, more stats, and more fun while also helping to support Sporcle. Thank you for becoming a member.

You're not logged in!

Compare scores with friends on all Sporcle quizzes.
OR
Log In

Sporcle TV

Today on Sporcle TV


Watch our educational content, quiz creation guides, and fun videos on Sporcle TV.

Show Comments

Extras

Top Quizzes Today


Score Distribution

Paid Content

Your Account Isn't Verified!

In order to create a playlist on Sporcle, you need to verify the email address you used during registration. Go to your Sporcle Settings to finish the process.

Report this User

Report this user for behavior that violates our Community Guidelines.

Details: